[Event "Battle of the Sexes 2022"]
[Site "Gibraltar ENG"]
[Date "2022.01.24"]
[Round "1.1"]
[White "Mammadzada, Gunay"]
[Black "Aziz, Husain"]
[Result "1/2-1/2"]
[WhiteTitle "IM"]
[BlackTitle "IM"]
[WhiteElo "2470"]
[BlackElo "2379"]
[WhiteTeam "PIA"]
[BlackTeam "SABINO"]
[WhiteFideId "13403729"]
[BlackFideId "12100293"]
[EventDate "2022.01.24"]

1. e4 e5 2. Nf3 Nc6 3. Bb5 Nf6 4. O-O Nxe4 5. Re1 Nd6 6. Nxe5 Be7 7. Bf1 Nxe5 8.
Rxe5 O-O 9. d4 Bf6 10. Re2 Nc4 11. b3 Nb6 12. Qd3 d5 13. Bf4 Bg4 14. Re1 Qd7 15.
Nc3 Bf5 16. Qd2 c6 17. a4 a5 18. Be5 Be7 19. Bd3 Bb4 20. Re3 f6 21. Bg3 Rae8 22.
Rae1 Bg6 23. Bxg6 hxg6 24. Qd3 Kf7 25. R1e2 Rxe3 26. Rxe3 Nc8 27. Ne2 Re8 28.
Nf4 Ne7 29. Qe2 Nf5 30. Qg4 Rxe3 31. Qxg6+ Kf8 32. fxe3 Nxe3 33. Qd3 Nf5 34. c3
Bd6 35. Ng6+ Kf7 36. Bxd6 1/2-1/2

[Event "Battle of the Sexes 2022"]
[Site "Gibraltar ENG"]
[Date "2022.01.24"]
[Round "1.2"]
[White "Abdumalik, Zhansaya"]
[Black "Merario Alarcon, Andres"]
[Result "1/2-1/2"]
[WhiteTitle "GM"]
[BlackTitle "IM"]
[WhiteElo "2491"]
[BlackElo "2408"]
[WhiteTeam "PIA"]
[BlackTeam "SABINO"]
[WhiteFideId "13703544"]
[BlackFideId "24522767"]
[EventDate "2022.01.24"]

1. e4 e5 2. Nf3 Nc6 3. Bc4 Nf6 4. d3 Bc5 5. c3 d6 6. O-O h6 7. Re1 O-O 8. Nbd2
a5 9. Nf1 a4 10. h3 Bd7 11. Bb5 Ne7 12. Bxd7 Qxd7 13. d4 Bb6 14. Ng3 Qb5 15. Qc2
exd4 16. cxd4 Nh5 17. Ne2 Nc6 18. Be3 Nf6 19. Nc3 Qc4 20. b3 axb3 21. axb3 Nb4
22. Qb2 Qd3 23. Rac1 Qa6 24. Ra1 Qd3 25. Rad1 Qc2 26. Bc1 Qxb2 27. Bxb2 Rfe8 28.
e5 Nfd5 29. exd6 Nxc3 30. Bxc3 Nd5 31. Rxe8+ Rxe8 32. Re1 Rxe1+ 33. Bxe1 cxd6
34. Bd2 Kf8 35. Kf1 1/2-1/2

[Event "Battle of the Sexes 2022"]
[Site "Gibraltar ENG"]
[Date "2022.01.24"]
[Round "1.3"]
[White "Stefanova, Antoaneta"]
[Black "Cheng, Bobby"]
[Result "1/2-1/2"]
[WhiteTitle "GM"]
[BlackTitle "GM"]
[WhiteElo "2469"]
[BlackElo "2550"]
[WhiteTeam "PIA"]
[BlackTeam "SABINO"]
[WhiteFideId "2902257"]
[BlackFideId "4300033"]
[EventDate "2022.01.24"]

1. Nf3 d5 2. g3 Nf6 3. Bg2 e6 4. d4 Be7 5. c4 O-O 6. b3 dxc4 7. bxc4 c5 8. O-O
cxd4 9. Nxd4 a6 10. Nc3 Qc7 11. Qb3 Nbd7 12. Na4 Nc5 13. Nxc5 Bxc5 14. Qc3 e5
15. Nb3 Ba7 16. Ba3 Rd8 17. c5 Bg4 18. Qa5 Rac8 19. Qxc7 Rxc7 20. Rfd1 Re8 21.
Rd2 Be6 22. Rad1 h5 23. Rd8 Rxd8 24. Rxd8+ Kh7 25. Ra8 Bxb3 26. axb3 Bxc5 27.
Bxc5 Rxc5 28. Bxb7 a5 29. Ra7 Kg6 30. Ba6 Nd5 31. Bc4 f5 32. Bxd5 1/2-1/2

[Event "Battle of the Sexes 2022"]
[Site "Gibraltar ENG"]
[Date "2022.01.24"]
[Round "1.5"]
[White "Sukandar, Irine Kharisma"]
[Black "Brunello, Sabino"]
[Result "1-0"]
[WhiteTitle "IM"]
[BlackTitle "GM"]
[WhiteElo "2407"]
[BlackElo "2503"]
[WhiteTeam "PIA"]
[BlackTeam "SABINO"]
[WhiteFideId "7101937"]
[BlackFideId "813613"]
[EventDate "2022.01.24"]

1. e4 e5 2. Nf3 Nc6 3. Bb5 a6 4. Ba4 Nf6 5. O-O Be7 6. Re1 b5 7. Bb3 d6 8. c3
O-O 9. h3 h6 10. d4 Bd7 11. Nbd2 Re8 12. Nf1 Bf8 13. Ng3 Na5 14. Bc2 g6 15. b3
c5 16. Bb2 Bg7 17. Qd2 Nc6 18. Rad1 Qb6 19. dxc5 dxc5 20. Qe3 Be6 21. b4 Bf8 22.
Bb3 Qa7 23. Bd5 Bxd5 24. exd5 Ne7 25. d6 Nc6 26. Ne4 Nd7 27. Nxc5 Rad8 28. Nd2
f5 29. Ndb3 Nb6 30. Qf3 e4 31. Qg3 Qf7 32. Bc1 g5 33. d7 Nxd7 34. Nb7 f4 35.
Nxd8 Rxd8 36. Bxf4 Qxf4 37. Qxf4 gxf4 38. Rxe4 Nf6 39. Rxd8 Nxe4 40. Ra8 Nxc3
41. a3 Kf7 42. Rxa6 Ne5 43. Nd4 Nc4 44. Rc6 Bd6 45. a4 1-0

[Event "Battle of the Sexes 2022"]
[Site "Gibraltar ENG"]
[Date "2022.01.24"]
[Round "1.6"]
[White "Cramling, Pia"]
[Black "Bellahcene, Bilel"]
[Result "1-0"]
[WhiteTitle "GM"]
[BlackTitle "GM"]
[WhiteElo "2452"]
[BlackElo "2508"]
[WhiteTeam "PIA"]
[BlackTeam "SABINO"]
[WhiteFideId "1700030"]
[BlackFideId "696358"]
[EventDate "2022.01.24"]

1. Nf3 Nf6 2. c4 e6 3. Nc3 Bb4 4. Qb3 c5 5. a3 Ba5 6. e3 O-O 7. Be2 d5 8. O-O
Nc6 9. d4 cxd4 10. exd4 dxc4 11. Qxc4 h6 12. Rd1 Ne7 13. Ne5 Ned5 14. Bf3 Bd7
15. Bd2 Rc8 16. Qb3 Bb6 17. Nxd5 exd5 18. Bb4 Re8 19. Bxd5 Be6 20. Bxe6 Rxe6 21.
Nf3 Rc7 22. h3 Rd7 23. Rac1 Bc7 24. Rc2 Nd5 25. Bd2 Rb6 26. Qd3 Re6 27. Rdc1 Qe8
28. Rc5 Bb6 29. Rc8 Rd8 30. Qc4 Red6 31. Rxd8 Rxd8 32. Re1 Qd7 33. Ne5 Qc7 34.
Rc1 Qd6 35. a4 a6 36. Nf3 Ba7 37. Qb3 Qd7 38. Ba5 Re8 39. Ne5 Qe6 40. Re1 Re7
41. Nf3 Qc6 42. Rxe7 Nxe7 43. Bc3 Bb8 44. Ne5 Bxe5 45. dxe5 Nd5 46. Bd2 Nb6 47.
a5 Nc4 48. Bc3 Qc7 49. Qa4 Qc8 50. Qd1 b6 51. Qd4 Qe6 52. Qd8+ Kh7 53. Qd3+ 1-0

[Event "Battle of the Sexes 2022"]
[Site "Gibraltar ENG"]
[Date "2022.01.24"]
[Round "1.7"]
[White "Sebag, Marie"]
[Black "Krysa, Leandro"]
[Result "1/2-1/2"]
[WhiteTitle "GM"]
[BlackTitle "GM"]
[WhiteElo "2460"]
[BlackElo "2531"]
[WhiteTeam "PIA"]
[BlackTeam "SABINO"]
[WhiteFideId "617822"]
[BlackFideId "116807"]
[EventDate "2022.01.24"]

1. e4 c6 2. d4 d5 3. e5 Bf5 4. Nf3 e6 5. Be2 Ne7 6. O-O c5 7. c4 Nbc6 8. dxc5
dxc4 9. Na3 Nd5 10. Nxc4 Bxc5 11. Bg5 Qc7 12. a3 O-O 13. Qd2 a5 14. Rac1 Be4 15.
Rfe1 a4 16. Bd1 Bg6 17. Be2 Rfc8 18. h3 Bh5 19. g4 Bg6 20. Bf1 h6 1/2-1/2

[Event "Battle of the Sexes 2022"]
[Site "Gibraltar ENG"]
[Date "2022.01.24"]
[Round "1.8"]
[White "Girya, Olga"]
[Black "Gallagher, Joseph G."]
[Result "1-0"]
[WhiteTitle "GM"]
[BlackTitle "GM"]
[WhiteElo "2405"]
[BlackElo "2447"]
[WhiteTeam "PIA"]
[BlackTeam "SABINO"]
[WhiteFideId "4195752"]
[BlackFideId "1303422"]
[EventDate "2022.01.24"]

1. d4 Nf6 2. c4 g6 3. Nc3 Bg7 4. e4 d6 5. Nf3 O-O 6. Be3 e5 7. dxe5 dxe5 8. Qc2
Qe7 9. Nd5 Nxd5 10. cxd5 Rd8 11. Bc4 Bg4 12. Ng5 Rd6 13. h3 Bd7 14. O-O h6 15.
Nf3 Rf6 16. Be2 c6 17. Rfd1 cxd5 18. exd5 Na6 19. Qb3 Be8 20. d6 Rxd6 21. Rxd6
Qxd6 22. Qxb7 Rb8 23. Qxa6 Qxa6 24. Bxa6 Rxb2 25. Bxa7 e4 26. Bd4 exf3 27. Bxb2
Bxb2 28. Rb1 Be5 29. Bb5 1-0

[Event "Battle of the Sexes 2022"]
[Site "Gibraltar ENG"]
[Date "2022.01.24"]
[Round "1.9"]
[White "Houska, Jovanka"]
[Black "Csonka, Balazs"]
[Result "0-1"]
[WhiteTitle "IM"]
[BlackTitle "IM"]
[WhiteElo "2365"]
[BlackElo "2474"]
[WhiteTeam "PIA"]
[BlackTeam "SABINO"]
[WhiteFideId "405094"]
[BlackFideId "742910"]
[EventDate "2022.01.24"]

1. d4 Nf6 2. Nf3 d5 3. c4 e6 4. Nc3 dxc4 5. e4 Bb4 6. Bg5 h6 7. Bxf6 Qxf6 8.
Bxc4 c5 9. O-O O-O 10. e5 Qd8 11. Ne4 cxd4 12. Qxd4 Qxd4 13. Nxd4 Nd7 14. f4 Nc5
15. Nd6 Na4 16. Bb3 Nxb2 17. Rac1 Bd2 18. Rxc8 Rfxc8 19. Nxc8 Rxc8 20. Rf3 Nc4
21. Kf2 Ba5 22. Ke2 Nd2 23. Rd3 Nxb3 24. axb3 a6 25. g4 Kf8 26. h3 Ke7 27. Rf3
Bb6 28. Rd3 Bxd4 29. Rxd4 Rc2+ 30. Rd2 Rxd2+ 31. Kxd2 Kd7 32. Kc3 Kc6 33. Kc4 g5
34. Kd4 Kb5 35. f5 Kb4 36. f6 b6 0-1

[Event "Battle of the Sexes 2022"]
[Site "Gibraltar ENG"]
[Date "2022.01.24"]
[Round "1.10"]
[White "Efroimski, Marsel"]
[Black "Rosen, Eric"]
[Result "1-0"]
[WhiteTitle "IM"]
[BlackTitle "IM"]
[WhiteElo "2437"]
[BlackElo "2356"]
[WhiteTeam "PIA"]
[BlackTeam "SABINO"]
[WhiteFideId "2810964"]
[BlackFideId "2032562"]
[EventDate "2022.01.24"]

1. e4 c5 2. Nf3 d6 3. Bb5+ Bd7 4. Bxd7+ Qxd7 5. c4 Nf6 6. Nc3 g6 7. d4 cxd4 8.
Nxd4 Bg7 9. O-O O-O 10. h3 Rc8 11. b3 b5 12. e5 dxe5 13. Ndxb5 a6 14. Na3 Nc6
15. Be3 Qf5 16. Qc2 Nb4 17. Qxf5 gxf5 18. Na4 Rc7 19. Bb6 Rb7 20. Ba5 Nc6 21.
Bc3 Ne4 22. Bb2 Rd8 23. f3 Ng3 24. Nc5 Rc7 25. Rfd1 Nd4 26. Nxa6 Ra7 27. Nb4
Rad7 28. Kf2 f4 29. Bxd4 Rxd4 30. Rxd4 Rxd4 31. Ke1 e4 32. Rd1 Rxd1+ 33. Kxd1 f5
34. Nd5 Be5 35. Nxe7+ Kf7 36. Nd5 Ke6 37. Nb5 Kd7 38. Nbc3 e3 1-0

[Event "Battle of the Sexes 2022"]
[Site "Gibraltar ENG"]
[Date "2022.01.25"]
[Round "2.1"]
[White "Cheng, Bobby"]
[Black "Girya, Olga"]
[Result "1/2-1/2"]
[WhiteTitle "GM"]
[BlackTitle "GM"]
[WhiteElo "2550"]
[BlackElo "2405"]
[WhiteTeam "SABINO"]
[BlackTeam "PIA"]
[WhiteFideId "4300033"]
[BlackFideId "4195752"]
[EventDate "2022.01.24"]

1. d4 Nf6 2. c4 e6 3. g3 d5 4. Bg2 Be7 5. Nf3 O-O 6. Nc3 dxc4 7. Ne5 Nc6 8. Bxc6
bxc6 9. Nxc6 Qe8 10. Nxe7+ Qxe7 11. Qa4 Nd5 12. Qxc4 a5 13. Qc5 Qxc5 14. dxc5
Nxc3 15. bxc3 Ba6 16. f3 Rab8 17. Kf2 Rfd8 18. Re1 f6 19. g4 a4 20. h4 Bc4 21.
h5 e5 22. Ke3 Rd5 23. Ba3 Rbd8 24. Reb1 Rd2 25. Rb2 Rxb2 26. Bxb2 Kf7 27. Ba3
Ke6 28. Rb1 Bxa2 29. Rb7 Kd7 30. Ra7 Bd5 31. Rxa4 Ra8 32. Rxa8 1/2-1/2

[Event "Battle of the Sexes 2022"]
[Site "Gibraltar ENG"]
[Date "2022.01.25"]
[Round "2.2"]
[White "Brunello, Sabino"]
[Black "Efroimski, Marsel"]
[Result "1/2-1/2"]
[WhiteTitle "GM"]
[BlackTitle "IM"]
[WhiteElo "2503"]
[BlackElo "2437"]
[WhiteTeam "SABINO"]
[BlackTeam "PIA"]
[WhiteFideId "813613"]
[BlackFideId "2810964"]
[EventDate "2022.01.24"]

1. d4 d5 2. Bf4 Nf6 3. e3 e6 4. Nf3 Bd6 5. Nbd2 O-O 6. Bd3 c5 7. dxc5 Bxc5 8.
O-O Nbd7 9. c4 Be7 10. Rc1 Nh5 11. cxd5 Nxf4 12. exf4 Nf6 13. Ne5 Qxd5 14. Ndc4
Bc5 15. Qc2 Qd8 16. Rfd1 Qe7 17. a3 g6 18. b4 Bb6 19. Nxb6 axb6 20. Qb2 Nd5 21.
g3 Bd7 22. Be4 Ba4 23. Re1 Nf6 24. Bf3 Rfd8 25. Nc4 b5 26. Ne5 Ne8 27. h4 Nd6
28. Ng4 Qf8 29. Nf6+ Kh8 30. Ne8+ Kg8 31. Nf6+ Kh8 32. Rc7 Qg7 33. Rxe6 Nf5 34.
Bxb7 Nd4 35. Rb6 Rab8 36. Kg2 Bd1 37. Qa2 Bb3 38. Qb2 Bd1 39. Qc3 Bf3+ 40. Bxf3
Rxb6 41. Nd7 Rd6 42. Ne5 Rf6 43. Qxd4 Rxd4 44. Rc8+ Qg8 45. Rxg8+ Kxg8 46. Bc6
Rxc6 47. Nxc6 Rd3 48. Na7 Rxa3 49. Nxb5 Rb3 50. Nd4 Rxb4 51. Nc2 Rb2 1/2-1/2

[Event "Battle of the Sexes 2022"]
[Site "Gibraltar ENG"]
[Date "2022.01.25"]
[Round "2.3"]
[White "Krysa, Leandro"]
[Black "Cramling, Pia"]
[Result "1/2-1/2"]
[WhiteTitle "GM"]
[BlackTitle "GM"]
[WhiteElo "2531"]
[BlackElo "2452"]
[WhiteTeam "SABINO"]
[BlackTeam "PIA"]
[WhiteFideId "116807"]
[BlackFideId "1700030"]
[EventDate "2022.01.24"]

1. d4 Nf6 2. Nf3 e6 3. c4 Bb4+ 4. Bd2 a5 5. a3 Be7 6. Nc3 d5 7. Bf4 O-O 8. e3 b6
9. cxd5 exd5 10. Rc1 c5 11. Bb5 Bb7 12. Ne5 Ne8 13. h4 Nc7 14. Bd3 Ne6 15. Qg4
Nxf4 16. Qxf4 Nc6 17. h5 Nxe5 18. dxe5 Qd7 19. Bf5 Qe8 20. O-O Bd8 21. Rfd1 Bc7
22. Nxd5 Bxe5 23. Qg5 Bxd5 24. Rxd5 Bxb2 25. Rb1 Bf6 26. Qg4 Rb8 27. a4 Qe7 28.
Rd7 Qe5 29. Bd3 Rbd8 30. Rxb6 1/2-1/2

[Event "Battle of the Sexes 2022"]
[Site "Gibraltar ENG"]
[Date "2022.01.25"]
[Round "2.4"]
[White "Rosen, Eric"]
[Black "Houska, Jovanka"]
[Result "1/2-1/2"]
[WhiteTitle "IM"]
[BlackTitle "IM"]
[WhiteElo "2356"]
[BlackElo "2365"]
[WhiteTeam "SABINO"]
[BlackTeam "PIA"]
[WhiteFideId "2032562"]
[BlackFideId "405094"]
[EventDate "2022.01.24"]

1. e4 c6 2. Nf3 d5 3. Nc3 dxe4 4. Nxe4 Nf6 5. Qe2 Nxe4 6. Qxe4 Qa5 7. b4 Qf5 8.
Qe3 Qe6 9. Bb2 Qxe3+ 10. fxe3 f6 11. Bc4 e5 12. a3 a5 13. bxa5 Rxa5 14. d4 e4
15. Nd2 Bf5 16. O-O Bg6 17. a4 Bb4 18. c3 Be7 19. Be6 Nd7 20. Nb3 Ra7 21. c4 Rf8
22. a5 Bf7 23. Bxf7+ Rxf7 24. g4 h5 25. h3 hxg4 26. hxg4 g6 27. Rf2 b6 28. Bc3
Bd8 29. Nd2 f5 30. Raf1 Bh4 31. Rh2 Bg5 32. Rh8+ Ke7 33. axb6 Bxe3+ 34. Kh1 Nxb6
35. Nxe4 Ra4 36. gxf5 gxf5 37. Re1 Nxc4 38. Nc5 Ra2 39. Rb1 Rc2 40. Ba1 Nd6 41.
Rh2 Rxh2+ 42. Kxh2 f4 43. Nd3 Ke6 44. Kg2 Kf5 45. Kf3 Rg7 46. Rb8 Rg3+ 47. Ke2
Nc4 48. Rf8+ Kg5 49. Rg8+ Kh4 50. Rh8+ Kg4 51. Rg8+ Kh3 52. Rh8+ Kg4 53. Rg8+
Kh5 54. Rh8+ Kg5 55. Rg8+ Kh5 56. Rh8+ Kg4 57. Rg8+ 1/2-1/2

[Event "Battle of the Sexes 2022"]
[Site "Gibraltar ENG"]
[Date "2022.01.25"]
[Round "2.5"]
[White "Bwalya, Gillan"]
[Black "Sukandar, Irine Kharisma"]
[Result "0-1"]
[WhiteTitle "IM"]
[BlackTitle "IM"]
[WhiteElo "2410"]
[BlackElo "2407"]
[WhiteTeam "SABINO"]
[BlackTeam "PIA"]
[WhiteFideId "8700257"]
[BlackFideId "7101937"]
[EventDate "2022.01.24"]

1. d4 Nf6 2. c4 e6 3. Nc3 Bb4 4. e3 O-O 5. Bd3 d5 6. Ne2 c5 7. O-O Nc6 8. a3
cxd4 9. exd4 dxc4 10. Bxc4 Bd6 11. h3 h6 12. Qd3 e5 13. d5 Ne7 14. Ng3 a6 15. a4
Ng6 16. Be3 Bd7 17. Bb3 Rc8 18. Rfe1 Qa5 19. Bd2 Qb6 20. Nce4 Nxe4 21. Nxe4 Bf5
22. a5 Bxe4 23. Rxe4 Qd8 24. Rg4 Qf6 25. Bc3 Nf4 26. Qe4 h5 27. Rg3 Qh6 28. Re1
f5 29. Qa4 h4 30. Rf3 e4 31. Rxf4 Qxf4 32. Re3 Qh2+ 33. Kf1 Rf7 34. Bb4 f4 0-1

[Event "Battle of the Sexes 2022"]
[Site "Gibraltar ENG"]
[Date "2022.01.25"]
[Round "2.6"]
[White "Csonka, Balazs"]
[Black "Batsiashvili, Nino"]
[Result "1/2-1/2"]
[WhiteTitle "IM"]
[BlackTitle "GM"]
[WhiteElo "2474"]
[BlackElo "2491"]
[WhiteTeam "SABINO"]
[BlackTeam "PIA"]
[WhiteFideId "742910"]
[BlackFideId "13602993"]
[EventDate "2022.01.24"]

1. e4 e5 2. Nf3 Nc6 3. Bc4 Nf6 4. d3 Bc5 5. O-O a6 6. c3 d6 7. a4 Ba7 8. Re1 O-O
9. h3 Be6 10. Bxe6 fxe6 11. Be3 Qe8 12. Nbd2 Nh5 13. g3 Rf6 14. Bxa7 Rxa7 15. d4
Qg6 16. dxe5 dxe5 17. Kh2 Ra8 18. Re3 Raf8 19. Qe2 Qf7 20. Rf1 Rh6 21. Ne1 Ne7
22. Nd3 Ng6 23. Rf3 Nf6 24. Kg2 Qe8 25. b3 Qc6 26. Rc1 Rd8 27. Nb4 1/2-1/2

[Event "Battle of the Sexes 2022"]
[Site "Gibraltar ENG"]
[Date "2022.01.25"]
[Round "2.7"]
[White "Aziz, Husain"]
[Black "Abdumalik, Zhansaya"]
[Result "0-1"]
[WhiteTitle "IM"]
[BlackTitle "GM"]
[WhiteElo "2379"]
[BlackElo "2491"]
[WhiteTeam "SABINO"]
[BlackTeam "PIA"]
[WhiteFideId "12100293"]
[BlackFideId "13703544"]
[EventDate "2022.01.24"]

1. d4 Nf6 2. Nf3 g6 3. Nbd2 d5 4. c4 Bg7 5. cxd5 Nxd5 6. e4 Nb6 7. Nb3 a5 8. Be3
O-O 9. Be2 f5 10. Nc5 fxe4 11. Ng5 Qd5 12. f3 exf3 13. Bxf3 Qc4 14. Qb3 Qxb3 15.
axb3 Bh6 16. Kd2 c6 17. Rhe1 Nd5 18. Bxd5+ cxd5 19. Nf3 Bxe3+ 20. Rxe3 Nc6 21.
h3 Rf4 22. Nd3 Rxf3 23. gxf3 Nxd4 24. Ne5 Bf5 25. Rc3 Ra6 26. Ra4 Ne6 27. h4 b5
28. Ra2 Nd4 29. f4 b4 30. Rc7 Nxb3+ 31. Kd1 Rf6 32. Nc6 Bg4+ 33. Ke1 Re6+ 34.
Kf1 Kf8 35. Nxa5 Ra6 36. Ra4 Rxa5 37. Rxb4 Nc5 38. Rb8+ Kf7 39. Rh8 Bh3+ 40. Kg1
Ne4 41. Rxh7+ Kf6 42. Rcxe7 Ra1+ 43. Kh2 Be6 44. f5 Kxf5 45. h5 gxh5 46. Rxh5+
Kf6 47. Re8 Bf7 48. Rf8 Rd1 49. Rh4 Rd2+ 50. Kg1 Ng5 51. Rb4 d4 52. Rb7 Kg6 53.
Kf1 d3 54. Rd7 Be6 55. Rd4 Nf7 56. Ke1 Re2+ 57. Kd1 Bb3+ 58. Kc1 d2+ 59. Rxd2
Re1+ 60. Rd1 Rxd1# 0-1

[Event "Battle of the Sexes 2022"]
[Site "Gibraltar ENG"]
[Date "2022.01.25"]
[Round "2.8"]
[White "Gallagher, Joseph G."]
[Black "Muzychuk, Mariya"]
[Result "1/2-1/2"]
[WhiteTitle "GM"]
[BlackTitle "GM"]
[WhiteElo "2447"]
[BlackElo "2539"]
[WhiteTeam "SABINO"]
[BlackTeam "PIA"]
[WhiteFideId "1303422"]
[BlackFideId "14114550"]
[EventDate "2022.01.24"]

1. e4 c5 2. Nf3 e6 3. d4 cxd4 4. Nxd4 Nf6 5. Bd3 Nc6 6. Nxc6 bxc6 7. O-O e5 8.
Be3 d6 9. c4 Be7 10. Nc3 O-O 11. Qc2 Be6 12. Rfd1 Qc7 13. Rac1 Rfd8 14. h3 h6
15. b3 Rac8 16. Qb1 Qb8 17. Be2 d5 18. cxd5 cxd5 19. exd5 Nxd5 20. Nxd5 Bxd5 21.
Rxc8 Qxc8 22. Bc4 Bxc4 23. Rxd8+ Bxd8 24. bxc4 Qxc4 25. Bxa7 e4 26. Be3 Bc7 27.
g3 Bd6 28. Kg2 Ba3 29. h4 h5 30. Qb8+ Kh7 31. Qe5 Qxa2 32. Qxh5+ Kg8 33. Qa5 Qb3
34. Qa8+ Kh7 35. Qxe4+ g6 36. h5 Bf8 37. hxg6+ fxg6 38. Bd4 Qf7 39. Qh4+ Bh6 40.
Be3 g5 41. Qe4+ Qg6 42. Qe7+ Kg8 43. Qd8+ Kh7 44. Qd7+ Bg7 45. Kf3 Kh6 46. Kg2
Bf6 47. Qd5 Kh7 48. Bd4 Bxd4 49. Qxd4 Qf5 50. g4 Qf7 51. Qe5 Kg6 52. Kg3 Qd7 53.
f3 Qd2 54. Qe4+ Kf6 55. Qc6+ Kg7 56. Qb7+ Kf6 57. Qa6+ Kg7 58. Qa7+ Kg6 59. Qb6+
Kg7 60. Qf2 Qxf2+ 61. Kxf2 Kf6 62. Ke2 Ke6 63. Kd2 Kd6 64. Ke3 Ke5 65. f4+ gxf4+
66. Kf3 Kf6 67. Kxf4 Kg6 68. g5 Kg7 69. Kf5 1/2-1/2

[Event "Battle of the Sexes 2022"]
[Site "Gibraltar ENG"]
[Date "2022.01.25"]
[Round "2.9"]
[White "Bellahcene, Bilel"]
[Black "Mammadzada, Gunay"]
[Result "0-1"]
[WhiteTitle "GM"]
[BlackTitle "IM"]
[WhiteElo "2508"]
[BlackElo "2470"]
[WhiteTeam "SABINO"]
[BlackTeam "PIA"]
[WhiteFideId "696358"]
[BlackFideId "13403729"]
[EventDate "2022.01.24"]

1. e4 c5 2. Nf3 d6 3. d4 cxd4 4. Nxd4 Nf6 5. Nc3 a6 6. Be2 e5 7. Nb3 Be7 8. O-O
O-O 9. Qd3 Be6 10. Bd2 Qc7 11. Nd5 Bxd5 12. exd5 a5 13. a4 b6 14. Be3 Na6 15. c3
Qb7 16. Rfd1 Nc7 17. Bf3 Nd7 18. g4 Qc8 19. Nd2 Qd8 20. Nc4 Na6 21. Kh1 h6 22.
Qb1 Rc8 23. Be2 Nac5 24. Qc2 e4 25. Bf4 Qc7 26. Na3 Nf6 27. Rd4 Qd7 28. Rg1 Qb7
29. Qd1 Nh7 30. Bg3 Rfd8 31. Rc4 Nf6 32. Rd4 Nh7 33. Nc4 Nf8 34. Ne3 Bf6 35. Rc4
Ng6 36. b4 Nd7 37. Qb3 Rxc4 38. Bxc4 Qc7 39. Rb1 Nde5 40. Be2 Bg5 41. bxa5 bxa5
42. Ng2 Nd7 43. h3 Nge5 44. c4 Nd3 45. Qc2 N7c5 46. Bd1 Na6 47. h4 Bf6 48. Qd2
Qxc4 49. Qxa5 Qa2 50. Rb6 Nxf2+ 51. Bxf2 Qxf2 0-1

[Event "Battle of the Sexes 2022"]
[Site "Gibraltar ENG"]
[Date "2022.01.25"]
[Round "2.10"]
[White "Haria, Ravi"]
[Black "Sebag, Marie"]
[Result "1/2-1/2"]
[WhiteTitle "IM"]
[BlackTitle "GM"]
[WhiteElo "2490"]
[BlackElo "2460"]
[WhiteTeam "SABINO"]
[BlackTeam "PIA"]
[WhiteFideId "415820"]
[BlackFideId "617822"]
[EventDate "2022.01.24"]

1. e4 c5 2. Nf3 d6 3. Bb5+ Bd7 4. Bxd7+ Qxd7 5. O-O Nc6 6. c3 Nf6 7. Qe2 e6 8.
d4 cxd4 9. cxd4 d5 10. e5 Ne4 11. Nbd2 Nxd2 12. Bxd2 Be7 13. g3 O-O 14. Kg2 f6
15. exf6 Bxf6 16. Bc3 Rae8 17. Rfe1 Rf7 18. Rad1 h6 19. Rd3 Bd8 20. Re3 Ref8 21.
h4 a6 22. Rf1 Rf5 23. Ne5 Nxe5 24. Rxe5 Rxe5 25. Qxe5 Bf6 26. Qe3 Rc8 27. Re1 1/2-1/2

[Event "Battle of the Sexes 2022"]
[Site "Gibraltar ENG"]
[Date "2022.01.26"]
[Round "3.1"]
[White "Houska, Jovanka"]
[Black "Brunello, Sabino"]
[Result "0-1"]
[WhiteTitle "IM"]
[BlackTitle "GM"]
[WhiteElo "2365"]
[BlackElo "2503"]
[WhiteTeam "PIA"]
[BlackTeam "SABINO"]
[WhiteFideId "405094"]
[BlackFideId "813613"]
[EventDate "2022.01.24"]

1. d4 d5 2. c4 c6 3. Nc3 Nf6 4. e3 e6 5. Nf3 Nbd7 6. Be2 b6 7. O-O Bb7 8. b3 Bd6
9. Bb2 O-O 10. Bd3 Qe7 11. Re1 Ba3 12. Bxa3 Qxa3 13. Rc1 Rad8 14. Qc2 h6 15.
cxd5 exd5 16. Nh4 Rfe8 17. Ne2 Nf8 18. h3 Ne6 19. Nf3 c5 20. Ng3 Rc8 21. Qb1
cxd4 22. Rxc8 Rxc8 23. exd4 Nf4 24. Nf5 Rc3 25. Ne5 Bc8 26. Bf1 Ne4 27. Nc4 Rxc4
28. bxc4 Bxf5 29. Qb5 Qxa2 30. Rxe4 Bxe4 31. c5 Qb1 32. cxb6 Qxb5 0-1

[Event "Battle of the Sexes 2022"]
[Site "Gibraltar ENG"]
[Date "2022.01.26"]
[Round "3.2"]
[White "Cramling, Pia"]
[Black "Haria, Ravi"]
[Result "1/2-1/2"]
[WhiteTitle "GM"]
[BlackTitle "IM"]
[WhiteElo "2452"]
[BlackElo "2490"]
[WhiteTeam "PIA"]
[BlackTeam "SABINO"]
[WhiteFideId "1700030"]
[BlackFideId "415820"]
[EventDate "2022.01.24"]

1. Nf3 Nf6 2. c4 e6 3. d4 d5 4. Nc3 Bb4 5. Qa4+ Nc6 6. e3 O-O 7. Qc2 b6 8. Bd2
Bb7 9. cxd5 exd5 10. Bd3 Re8 11. O-O a6 12. a3 Bd6 13. b4 Nb8 14. Ne2 Nbd7 15.
Ng3 g6 16. Bc3 Qe7 17. Rfc1 c6 18. Nd2 h5 19. Ngf1 Ne4 20. Bb2 h4 21. f3 Nxd2
22. Qxd2 Nf6 23. Re1 Nh5 24. e4 Bf4 25. Qf2 Qg5 26. e5 a5 27. Bc3 axb4 28. axb4
Ng7 29. Rxa8 Rxa8 30. Ra1 Rxa1 31. Bxa1 Ne6 32. g3 c5 33. bxc5 bxc5 34. Kh1 hxg3
35. hxg3 Qh6+ 36. Qh2 Qxh2+ 37. Kxh2 Bc1 38. dxc5 Nxc5 39. Be2 Nb3 40. Bc3 d4
41. Bb4 Na1 42. Kg1 Nc2 43. Bd2 Bb2 44. Bd3 Ne3 1/2-1/2

[Event "Battle of the Sexes 2022"]
[Site "Gibraltar ENG"]
[Date "2022.01.26"]
[Round "3.3"]
[White "Abdumalik, Zhansaya"]
[Black "Bellahcene, Bilel"]
[Result "0-1"]
[WhiteTitle "GM"]
[BlackTitle "GM"]
[WhiteElo "2491"]
[BlackElo "2508"]
[WhiteTeam "PIA"]
[BlackTeam "SABINO"]
[WhiteFideId "13703544"]
[BlackFideId "696358"]
[EventDate "2022.01.24"]

1. e4 e6 2. d4 d5 3. Nc3 Bb4 4. e5 c5 5. a3 Bxc3+ 6. bxc3 Nc6 7. a4 Qa5 8. Bd2
Nge7 9. h4 Bd7 10. Qg4 O-O-O 11. Nf3 f6 12. Qxg7 Nf5 13. Qg4 fxe5 14. dxe5 Qc7
15. Qf4 Rdf8 16. Qh2 Be8 17. h5 Rhg8 18. Ng5 Qe7 19. Nf3 Rg4 20. Be2 Rfg8 21. g3
Qc7 22. Kd1 Qa5 23. Ne1 Rxa4 24. Rxa4 Qxa4 25. g4 Nfe7 26. Qg3 d4 27. c4 b5 28.
Rh3 bxc4 29. Qa3 Qxa3 30. Rxa3 Nd5 31. f4 Kb7 32. g5 c3 33. Bc1 Ncb4 34. Bg4 Rf8
35. Ng2 Bc6 36. g6 hxg6 37. hxg6 Ne7 38. Nh4 Rh8 39. Nf3 Nxg6 40. Rb3 Rh1+ 41.
Ne1 Rg1 0-1